Apropiacin̤ Ilc̕ita omisin̤ de aportes previsionales del trabajador /

Detalles Bibliográficos
Autor principal: Berrospi Gonzales, Angelo
Formato: eBook
Lenguaje:español
Publicado: Lima: Editorial Acadm̌ica Espaǫla, 2019
Materias:
Acceso en línea:Acceso restringido

MARC

LEADER 00000nam a22000007a 4500
005 20191009224410.0
007 cr|||| ||||
008 191009s2019 pe |||||s|||| 00||0 spa d
020 |a 9786139468577 
035 |a 29760 
040 |a vLex 
090 |c 9767  |d 9767 
100 1 |a Berrospi Gonzales, Angelo 
245 1 0 |a Apropiacin̤ Ilc̕ita  |h [Recurso electrn̤ico] :  |b omisin̤ de aportes previsionales del trabajador /  |c Angelo Berrospi Gonzales 
256 |a Servicio en ln̕ea 
260 |a Lima:  |b Editorial Acadm̌ica Espaǫla,  |c 2019 
300 |a 1 recurso electrn̤ico 
500 |a El presente trabajo de investigacin̤, esta enfocado en el anl̀isis sobre una realidad en nuestra sociedad en lo cual el trabajador se ve envuelto en un tema de vulneracin̤ sobre sus derechos previsionales por parte de su empleador, buscando de esta manera solucionar con este aporte la problemt̀ica que agobia a miles de trabajadores siendo muchos de ellos de avanzada edad y asimismo hacer conocer los derechos constitucionales que los protegen ante esta vulneracion y garantizan su figura previsional, como adems̀ velar por los fondos y las reservas pensionara̕s, tambiň hacer notar el gran vaco̕ legal existente ya que al no haber una tipificacin̤ adecuada en el Cd̤igo Penal Peruano dichos delitos solo estara̕n siendo aplicados de forma especf̕ica y no genřica, buscando de esta manera poder disuadir con prisin̤ efectiva al empleador que retiene los aportes de los trabajadores que deben ser destinados a sus fondos para el calculo de su jubilacin̤, ya que estos aportes previsionales son intangibles y protegidos con principios constitucionales que se encuentran basados en el derecho a la seguridad social del trabajador. 
506 1 |a Disponible solo en los productos indicados  |d vLex Global  |d vLex Global (Academic Edition, excluding Law Schools)  |d vLex Global (U.S. Academic Edition, Law Schools)  |d vLex Global (U.S. Academic Edition, excluding Law Schools)  |d vLex Global (Academic Edition, Law Schools) 
650 0 4 |a Derecho Laboral y Seguridad Social  |z Per︢ 
740 0 |a vLex Libros (Servicio en ln̕ea) 
856 4 0 |u http://vlex.com/source/29760  |z Acceso restringido 
942 |c BOOK 
999 0 |a Labor law and social security